[Event "Madrid Codes Memorial 13th"]
[Site "Madrid"]
[Date "2019.04.07"]
[Round "2.5"]
[White "Osuna Osuna, Francisco"]
[Black "Alonso Gutierrez, Anastasio"]
[Result "0-1"]
[WhiteElo "1549"]
[BlackElo "1751"]
[PlyCount "92"]
[EventDate "2019.03.31"]
[EventType "swiss"]
[EventRounds "9"]
[EventCountry "ESP"]
[SourceTitle "EXT 2024"]
[Source "ChessBase"]
[SourceDate "2023.10.10"]
[SourceVersion "1"]
[SourceVersionDate "2023.10.10"]
[SourceQuality "1"]

1. e4 e5 2. Nf3 Nc6 3. Bc4 Nf6 4. d3 Be7 5. Nc3 d6 6. h3 0-0 7. Bg5 Na5 8. Bb3 Nxb3 9. axb3 a6 10. Qd2 Be6 11. 0-0 Nd7 12. Bxe7 Qxe7 13. Ng5 h6 14. Nxe6 fxe6 15. Rae1 Rf7 16. f3 Qh4 17. Qf2 Qxf2+ 18. Rxf2 Raf8 19. Nd1 Nf6 20. Ne3 Nh5 21. Nc4 Nf4 22. Na5 b6 23. Nc6 a5 24. b4 axb4 25. Nxb4 c5 26. Na2 Ra8 27. Nc3 Ra5 28. Ne2 Ra2 29. Nxf4 exf4 30. c4 e5 31. Rb1 Rfa7 32. Kh2 Ra1 33. Rxa1 Rxa1 34. Rd2 Rf1 35. b4 Kh7 36. bxc5 bxc5 37. Ra2 Rd1 38. Ra3 Kg6 39. g3 Rd2+ 40. Kg1 fxg3 41. Rb3 Kh5 42. Rb7 Kh4 43. Kf1 g2+ 44. Kg1 Kxh3 45. Rxg7 Rd1+ 46. Kf2 Rf1+ 0-1

[Event "Madrid Codes Memorial 11th"]
[Site "Madrid"]
[Date "2017.04.09"]
[Round "2"]
[White "Cabanas Bravo, Juan Andres"]
[Black "Alonso Gutierrez, Anastasio"]
[Result "1-0"]
[WhiteElo "2031"]
[BlackElo "1825"]
[PlyCount "91"]
[EventDate "2017.04.02"]
[EventType "swiss"]
[EventRounds "9"]
[EventCountry "ESP"]
[SourceTitle "EXT 2019"]
[Source "ChessBase"]
[SourceDate "2018.10.10"]
[SourceVersion "1"]
[SourceVersionDate "2018.10.10"]
[SourceQuality "1"]

1. e4 e5 2. c3 d5 3. exd5 Qxd5 4. d4 Nc6 5. Nf3 Bg4 6. Be2 Nf6 7. dxe5 Bxf3 8. Qxd5 Bxd5 9. exf6 gxf6 10. 0-0 0-0-0 11. Be3 Kb8 12. Rd1 Rg8 13. g3 Be7 14. Nd2 Ne5 15. b4 Ng4 16. Bd4 h5 17. h3 Ne5 18. Bxe5 fxe5 19. Bxh5 Be6 20. Nf3 f6 21. Rxd8+ Rxd8 22. h4 Rh8 23. Bg6 Bd5 24. Nh2 Be6 25. Rd1 Bd6 26. a3 a5 27. Kg2 Bc4 28. Rd2 Be6 29. Nf1 Rh6 30. Bc2 Bd7 31. Ne3 Rh8 32. Nf5 Bxf5 33. Bxf5 axb4 34. axb4 Rh5 35. Bg4 Rh6 36. Kf3 Ka7 37. Ke4 Kb6 38. Bc8 Ka7 39. Kf5 Kb8 40. Be6 Ka7 41. Bf7 Kb6 42. Bg6 e4 43. Kxf6 e3 44. Rxd6+ cxd6 45. fxe3 Rh8 46. h5 1-0